000 00478 a2200169 4500
001 72053
020 _a8528101096
040 _cAnchieta - Colégio São Paulo
100 _aCastelo Branco, Carlos Alberto
240 1 0 _aA máquina de pensar bonito contra o medo que o medo faz
_lpor
245 1 0 _aA máquina de pensar bonito contra o medo que o medo faz
300 _a[26p.]
362 0 _a1986
440 1 _aSalamandra
650 4 _aLiteratura infanto-juvenil
942 _cBK
999 _c72053
_d72053